000 00542cam a2200145 4500500
005 20260208001104.0
041 _afre
042 _adc
100 1 0 _aPlet, Françoise
_eauthor
245 0 0 _aLe Droit à l’alimentation, Jean Ziegler, Mille et une nuits, coll. « Essai », 2003, 228 p.
260 _c2005.
500 _a10
786 0 _nNatures Sciences Sociétés | 13 | 4 | 2005-12-01 | p. 461g-472g | 1240-1307
856 4 1 _uhttps://stm.cairn.info/revue-natures-sciences-societes-2005-4-page-461g?lang=fr&redirect-ssocas=7080
999 _c1644341
_d1644341